00662cam a2200205 a 450000100100000000500170001000800410002702000150006802000150008304000290009808200200012710000370014724500760018426000390026030000210029949000420032065000190036265000330038183000420041400001807220200929165337.0900514s1989 sp 000 f spa d a8401421152 a8401429625 aDO-SdBNPbspacLCdBNPHU aPe863.44bB916h1 aBryce Echenique, Alfredo,d1939-13aEl hombre que hablaba de Octavia de Cádiz /cAlfredo Bryce Echenique. aBarcelona :bPlaza & Janes,c1989. a374 p. ;c22 cm.1 aBiblioteca de Alfredo Bryce Echenique 4aNovela peruana 4aLiteratura peruanaySIGLO XX 0aBiblioteca de Alfredo Bryce Echenique